| 000 | 01019nam a2200241Ia 4500 | ||
|---|---|---|---|
| 003 | Ost | ||
| 005 | 20260507074910.0 | ||
| 008 | 260507s9999||||xx |||||||||||||| ||und|| | ||
| 040 | _cfsecg | ||
| 041 | _aara | ||
| 082 | _a350.1 | ||
| 100 |
_aعبد الوهاب، علي محمد _eمؤلف |
||
| 245 | 0 |
_aمحاسبة الموارد البشرية : _bعرض وتحليل مع مدخل بديل / _c علي محمد عبد الوهاب |
|
| 260 |
_aالرياض: _bدار المريخ للنشر, _c1984 |
||
| 300 |
_a101 صفحة؛ _bإيضاحات ؛ _c23 سم |
||
| 504 | _aببليوغرافيا: ص.98 | ||
| 520 | _aأسس محاسبة الموارد البشرية، محاسبة الموارد البشرية ومشكلات التطبيق، مدخل بديل لمحاسبة الموارد البشرية | ||
| 653 | _aإدارة الأفراد | ||
| 653 | _aالمحاسبة | ||
| 653 | _aالموارد البشرية | ||
| 700 |
_aعامر، سعيد يس _eمؤلف ثانوي |
||
| 942 | _cكتاب | ||
| 999 |
_c41733 _d41733 |
||